000 00571nam a2200193 a 4500
005 20230209063807.0
008 050926s1999 mx r 000 0 spa d
020 _a8489786569
035 _aUPN01000140319
049 _aCG
050 4 _aTS156
_bV4.3
100 1 _aVilar Barrio, José Francisco
245 1 3 _aLa auditoría de los sistemas de gestión de la calidad /
_cJosé Francisco Vilar Barrio.
260 _aMadrid :
_bFundación Confemetal,
_c1999.
300 _a220 p.
650 4 _aControl de calidad
_910920
650 4 _aAUDITORIA
_92825
905 _aLibro
999 _c112467
_d112467